| 000 | 01104cam a22002894a 4500 | ||
|---|---|---|---|
| 001 | 13444 | ||
| 005 | 20260128124347.0 | ||
| 008 | 070118s2007 moua u000 0 eng | ||
| 010 | _a 2007270875 | ||
| 020 | _a0070272611 | ||
| 035 | _a14701846 | ||
| 040 |
_aBSU _cDLC _dBSULIB |
||
| 082 |
_a612 _b PAT |
||
| 100 | 1 |
_aPatton, Kevin T. _92484 |
|
| 245 | 1 | 0 |
_alaboratory manual to accompany essentials of Anatomy & physiology _cKevin T. Patton. |
| 246 | 3 | 0 | _aAnatomy and physiology laboratory manual |
| 250 | _a4th ed. | ||
| 260 |
_aSt. Louis, Mo. : _bElsevier/Mosby, _cc2002. |
||
| 300 |
_axi, 305 p. : _bill. (chiefly col.) ; _c28 cm. |
||
| 650 | 0 |
_aHuman physiology _vLaboratory manuals. _912407 |
|
| 650 | 0 |
_aHuman anatomy _vLaboratory manuals. _912408 |
|
| 655 | 7 |
_aLaboratory manuals. _2lcgft _925168 |
|
| 906 |
_a7 _bcbc _corigres _d3 _encip _f20 _gy-gencatlg |
||
| 942 |
_2ddc _cBK |
||
| 999 |
_c13444 _d13444 |
||